| 000 | 01259nam a2200205Ia 4500 | ||
|---|---|---|---|
| 001 | 7327 | ||
| 003 | GE_BSU | ||
| 008 | 181216s||||||||xx |||||||||||||| ||und|| | ||
| 040 | _cGE_BSU | ||
| 080 | _a81(479.22) | ||
| 100 | _aჩანტლაძე იზა. | ||
| 245 | _aქართველური ლექსიკის ისტორიიდან. I | ||
| 245 | _cრედ: კევინ ტუიტი, შუშანა ფუტკარაძე, ქეთევან მარგიანი-სუბარი. მთარგმ: ნანა ქავთარაძე. | ||
| 250 | _aარნოლდ ჩიქოვანის სახ. ენათმეცნიერების ინ-ტი; თბილისის ილია ჭავჭავაძის სახ. სახ. უნ-ტი; ბათუმის შოთა რუსთაველის სახ. სახ. უნ-ტი; ახალციხის სახ. უნ-ტი. | ||
| 260 | _aთბილისი; ბათუმი; ახალციხე. | ||
| 260 | _c2012. | ||
| 300 | _a327 გვ ; 25 სმ. | ||
| 653 | _aქართველური ლექსიკის ისტორიიდან. I | ||
| 942 | _cBK | ||
| 999 |
_c40692 _d40692 |
||